| 000 | 01220nam a2200325 a 4500 | ||
|---|---|---|---|
| 001 | 000009412 | ||
| 003 | DO-SdBNP | ||
| 005 | 20231114120353.0 | ||
| 008 | 880615r19881942ve b 000 0 spa | ||
| 010 | _a88150155 | ||
| 020 | _a9802760374 | ||
| 020 | _a9802760366 (pbk.) | ||
| 035 | _a(DLC) 88150155 | ||
| 040 |
_aDO-SdBNP _bspa _cBNPHU |
||
| 082 | 4 |
_bB849m _222 |
|
| 100 | 1 |
_aBriceno-Iragorry, Mario, _d1897-1958. _924198 |
|
| 245 | 1 | 0 |
_aMensaje sin destino y otros ensayos / _cMario Briceno-Iragorry ; selección, Oscar Sambrano Urdaneta ; prólogo, Mario Briceno-Iragorry ; cronología, Elvira Macht de Vera ; bibliografía, Horacio Jorge Becco. |
| 260 |
_aCaracas : _bBiblioteca Ayacucho, _c1988. |
||
| 300 |
_axxi, 574 p. ; _c24 cm. |
||
| 490 | 0 |
_aBiblioteca Ayacucho _v126 |
|
| 504 | _aBibliografía: p. 559-574. | ||
| 650 | 4 |
_aSociología _xEnsayos, conferencias, etc. _924199 |
|
| 650 | 4 |
_aVenezuela _xCondiciones sociales _924200 |
|
| 650 | 4 |
_aVenezuela _xCondiciones económicas _924201 |
|
| 700 | 1 |
_aSambrano Urdaneta, Oscar. _924202 |
|
| 700 | 1 |
_aBriceno-Iragorry, Mario, _xpról. _924203 |
|
| 700 | 1 |
_aMacht de Vera, Elvira. _924204 |
|
| 910 | _aCatalogación por copia / LC | ||
| 942 |
_2ddc _cLBS1 |
||
| 999 |
_c9172 _d9172 |
||